| 000 | 00538nam a22002057a 4500 | ||
|---|---|---|---|
| 005 | 20210426125234.0 | ||
| 008 | 210201b1999 ||||| |||| 00| 0 eng d | ||
| 020 | _a0139742964 | ||
| 040 | _cDLC | ||
| 041 | _aeng | ||
| 080 |
_a336 _bE-46 |
||
| 100 |
_9740 _aElliot,Horngren Sundem |
||
| 245 |
_aFinancial Accounting _cElliot, Hoengren Sundem |
||
| 250 | _aseventh edition | ||
| 260 |
_aNew Jersi : _bPrentice Hall _c1999 |
||
| 300 | _a315 p. : | ||
| 650 | 0 |
_9454 _aFinances |
|
| 653 | _aფინანსები | ||
| 942 |
_2udc _cBK |
||
| 999 |
_c1086 _d1086 |
||